000 00576nam a2200181Ia 4500
008 100920s9999 xx 000 0 und d
082 _b15862
_a491.462 थ 62
100 _aकिणीकर रॉय.
245 _aयेग येग विठाबाई !.
260 _bकिणीकर रॉय ,पुणे.
_c1962
300 _a105
_bसाधी
365 _b3
520 _aनाटक.
630 _aयेग येग विठाबाई !.
650 _aनाटक.
730 _aयेग येग विठाबाई !.
942 _cBOOK
999 _c679021
_d679018